Eastern Utah Libraries Catalog: Duchesne, Heber, Roosevelt, & Vernal

Twelve Months (Record no. 415276)

MARC details
000 -LEADER
fixed length control field 01633nam a22001815a 4500
001 - CONTROL NUMBER
control field in503469349
005 - DATE AND TIME OF LATEST TRANSACTION
control field 20260218135626.0
008 - FIXED-LENGTH DATA ELEMENTS--GENERAL INFORMATION
fixed length control field 260217s2026 |||| ||| ||||||||||||
010 ## - LIBRARY OF CONGRESS CONTROL NUMBER
LC control number 2025030089
020 ## - INTERNATIONAL STANDARD BOOK NUMBER
International Standard Book Number 9780593199336
Terms of availability $30.00
020 ## - INTERNATIONAL STANDARD BOOK NUMBER
International Standard Book Number 0593199332
Terms of availability $30.00
082 00 - DEWEY DECIMAL CLASSIFICATION NUMBER
Classification number FIC
100 1# - MAIN ENTRY--PERSONAL NAME
Personal name Butcher, Jim
9 (RLIN) 31023
245 10 - TITLE STATEMENT
Title Twelve Months
260 ## - PUBLICATION, DISTRIBUTION, ETC. (IMPRINT)
Name of publisher, distributor, etc Ace Books
Date of publication, distribution, etc 20260120
264 ## - Production, Publication, Distribution, Manufacture, and Copyright Notice.
Name of producer, publisher, distributor, manufacturer Ace Books
Date of production, publication, distribution, manufacture, or copyr 20260120
520 ## - SUMMARY, ETC.
Summary, etc "Harry Dresden, Chicago's only professional wizard, has always managed to save the day--but ... can he save himself? One year. 365 days. Twelve months. Harry Dresden has been through a lot, and so has his city. After Harry and his allies narrowly managed to save Chicago from being razed to the ground, everything is different--and it's not just the current lack of electricity. In the battle, Harry lost people he cared about. And that's the kind of loss that takes a toll. Harry being Harry, he's doing his level best to help the city and his friends recover and rebuild. But it's a heavy load, and he needs time. But time is one thing Harry doesn't have. Ghouls are prowling Chicago and taking out innocent civilians. Harry's brother is dying, and Harry doesn't know how to help him. And last but certainly not least, the Winter Queen of the Fae has allied with the White Court of vampires--and Harry's been betrothed to the seductive, deadly vampire Lara Raith to seal the deal. It's been a tough year. More than ever, the city needs Harry Dresden the wizard--but after loss and grief, is there enough left of Harry Dresden the man to rise to the challenge?"--Provided by publisher.
Holdings
Withdrawn status Lost status Source of classification or shelving scheme Damaged status Not for loan Collection code Home library Current library Shelving location Date acquired Source of acquisition Serial Enumeration / chronology Total Checkouts Total Renewals Full call number Barcode Checked out Date last seen Date checked out Cost, replacement price Price effective from Koha item type
    Dewey Decimal Classification     Fiction Wasatch County Library Wasatch County Library First Floor 01/21/2026 Ingram #18 Dresden Files 2 2 F Butcher 34301002105957 04/25/2026 02/24/2026 02/24/2026 30.00 01/21/2026 BOOK
This project was made possible through a grant from the Institute of Museum and Library Service administered by the Utah State Library Division.

Wasatch County Library

  • 465 East 1200 South, Heber City, Utah 84032
  • Phone 435-654-1511 | Fax 435-654-6456

Hours

  • Monday - Friday 9:30 AM - 8:00 PM
  • Saturday 9:30 AM - 1:30 PM
  • Closed Sundays and Holidays